Statistiques concernant Géographie de l'Empire espagnol

Cliquez ici pour prendre le quiz!

Statistiques générales

  • Ce quiz a été pris 5 614 fois
    (5 550 depuis la dernière actualisation)
  • Le résultat moyen est 10 sur 20

Statistiques - réponses

QuestionRéponse% Correct
Pays moderne avec le plus grand nombre d'hispanophonesMexique
96%
Principaux Empires amérindiens conquis par les conquistadorsInca
81%
Pays limitrophe des villes espagnoles de Ceuta et MelillaMaroc
81%
Principaux Empires amérindiens conquis par les conquistadorsAztèque
75%
Chaîne d'îles dont font partie Tenerife et FuerteventuraÎles Canaries
72%
Pays asiatique autrefois contrôlé par l'EspagnePhilippines
62%
Pays anciennement connu sous le nom de Guinée espagnoleGuinée équatoriale
56%
Jusqu’en 1715, l’Espagne était en réalité composée de deux royaumes distincts gouvernés par le même roi.
Quels étaient ces deux royaumes ?
Castille
54%
Île sur laquelle fut fondée la ville de Saint-Domingue en 1498Hispaniola
54%
Dernière ville d'Espagne reconquise aux MauresGrenade
49%
Villes italiennes, qui étaient, entre le XVe et le XVIIe siècle,
des duchés faisant partie du Royaume d'Espagne
Naples
48%
Jusqu’en 1715, l’Espagne était en réalité composée de deux royaumes
distincts gouvernés par le même roi. Quels étaient ces deux royaumes ?
Aragon
44%
Principaux conquistadores ayant participé à leur conquêteHernán Cortés
44%
Pays européen qui a obtenu son indépendance de l'Espagne
après la «Guerre de quatre-vingts ans»
Pays-Bas
39%
Villes italiennes, qui étaient, entre le XVe et le XVIIe siècle,
des duchés faisant partie du Royaume d'Espagne
Milan
38%
Territoires étatsuniens actuels cédés par l'Espagne en 1898Porto Rico
38%
Principaux conquistadores ayant participé à leur conquêteFrancisco Pizarro
31%
Isthme traversé par Balboa en 1513Isthme de Panama
31%
Territoires étatsuniens actuels cédés par l'Espagne en 1898Guam
18%
Terme désignant les avant-postes espagnols établis en
Californie pour convertir les Amérindiens au Christianisme
Missions
13%

Distribution des résultats

Percentile par nombre de réponses

% des personnes avec chaque résultat

Votre développement - résultats

Vous n’avez pas pris ce quiz depuis la dernière actualisation